Minerais, minérios, metais (Record no. 157016)

MARC details
000 -LÍDER
campo de controle de tamanho fixo 00406 a2200169 4500
001 - NÚMERO DE CONTROLE
campo de controle 157016
020 ## - ISBN - INTERNATIONAL STANDARD BOOK NUMBER
ISBN - International Standard Book Number 8516040046
040 ## - FONTE DA CATALOGAÇÃO
Instituição que transcreveu o registro Escola São Tomás de Aquino
100 ## - ENTRADA PRINCIPAL--NOME PESSOAL
Nome pessoal CANTO, Eduardo Leite do
240 10 - TÍTULO UNIFORME
Título uniforme Minerais, minérios, metais
Idioma da obra por
245 10 - TÍTULO
Título Minerais, minérios, metais
300 ## - DESCRIÇÃO FÍSICA
Extensão 143 p.
362 0# - DATAS DE PUBLICAÇÃO E/OU DESIGNAÇÃO SEQUENCIAL
Datas de publicação e/ou designação sequencial 1996
440 #1 - DECLARAÇÃO DE SÉRIE/ENTRADA ADICIONADA--TÍTULO
Título Moderna
697 ## - ENTRADA DE ASSUNTO LOCAL--ENTIDADE COLETIVA (RLIN)
Nome corporativo ou nome da jurisdição Mineralogia / Metais
942 ## - ELEMENTOS DE ENTRADA ADICIONADOS (KOHA)
Tipo de material Koha Livros
Holdings
Situação do descarte Situação das perdas Situação física Não pode ser emprestado Biblioteca de origem Biblioteca atual Data de aquisição Total de empréstimos Número de chamada completo Código de barras Data de último acesso Data do preço efetivo Tipo de material Koha
        ESTA - SÃO BENTO ESTA - SÃO BENTO 30/04/2024   549 CAN MIN EST00011662 30/04/2024 30/04/2024 Livros